MARC details
| 000 -LEADER |
| fixed length control field |
01060nam a2200217Ia 4500 |
| 003 - CONTROL NUMBER IDENTIFIER |
| control field |
IN-BaIIA |
| 008 - FIXED-LENGTH DATA ELEMENTS--GENERAL INFORMATION |
| fixed length control field |
211028s9999 xx 000 0 eng d |
| 040 ## - CATALOGING SOURCE |
| Transcribing agency |
IIA Library |
| 080 ## - UNIVERSAL DECIMAL CLASSIFICATION NUMBER |
| Universal Decimal Classification number |
523.64(082.2) |
| Item number |
NASA |
| 111 ## - MAIN ENTRY--MEETING NAME |
| Meeting name or jurisdiction name as entry element |
Summary of A Workshop on infrared Observations of Comets Halley and Wilson and Properties of the Grains |
| Location of meeting |
Ithaca |
| Date of meeting or treaty signing |
1987 Aug. 10-12 |
| 9 (RLIN) |
19514 |
| 245 #0 - TITLE STATEMENT |
| Title |
Infrared observations of comets Halley and Wilson and properties of the grains |
| Remainder of title |
proceedings of the summary of a Workshop on Infrared observations of comets Halley and Wilson and properties of the grains, held in Ithaca, New York, August 10-12, 1987 |
| Statement of responsibility, etc. |
edited by Martha S Hanner |
| 260 ## - PUBLICATION, DISTRIBUTION, ETC. |
| Place of publication, distribution, etc. |
New York |
| Name of publisher, distributor, etc. |
National Aeronautics and Space Administration |
| Date of publication, distribution, etc. |
1988 |
| 300 ## - PHYSICAL DESCRIPTION |
| Extent |
[various pagings.] |
| 650 ## - SUBJECT ADDED ENTRY--TOPICAL TERM |
| Topical term or geographic name entry element |
Astronomy and Astrophysics thesaurus |
| 650 ## - SUBJECT ADDED ENTRY--TOPICAL TERM |
| Topical term or geographic name entry element |
Comet Halley |
| 9 (RLIN) |
4021 |
| 650 ## - SUBJECT ADDED ENTRY--TOPICAL TERM |
| Topical term or geographic name entry element |
Comet Wilson |
| 9 (RLIN) |
15884 |
| 650 ## - SUBJECT ADDED ENTRY--TOPICAL TERM |
| Topical term or geographic name entry element |
Cometary Grains |
| 9 (RLIN) |
19515 |
| 650 ## - SUBJECT ADDED ENTRY--TOPICAL TERM |
| Topical term or geographic name entry element |
Infrared observations |
| 9 (RLIN) |
19516 |
| 700 ## - ADDED ENTRY--PERSONAL NAME |
| Personal name |
Hanner, Martha S., ed. |
| 9 (RLIN) |
15885 |
| 942 ## - ADDED ENTRY ELEMENTS (KOHA) |
| Koha item type |
Books |